• 首页
  • 本馆介绍
  • 公告通知
  • 最新文献
  • 馆藏检索
  • 电子资源
  • 读者导购
  • 参考咨询
  • 我的图书馆
  • 登录
  • 详细信息显示
  • 放入我的书架
  • 预约/预借图书
  • 作者相关作品
  • 分类相关作品
  • 丛书相关作品
  • 出版社相关作品

书目信息

  • 表格格式
  • 工作单格式
  • 卡片格式
题名:
家畜解剖图谱
    
 
作者: ;安徽农学院 编绘
分册:  
出版信息: 上海   上海人民出版社  1977
页数: 252页
开本: 26cm
丛书名:
单 册:
中图分类: S852.1-64
科图分类:
主题词: 家畜-动物解剖学--图谱 , 动物解剖学-家畜--图谱
电子资源:
ISBN: 16171.207
000 00681nam0 2200241 450
001 0177003056
005 20100712215300.0
010    @a16171.207@dCNY2.05
091    @a16171.207
100    @a19951024d1977 em y0chiy0110 ea
101 0  @achi
102    @aCN@b310000
105    @aa z 000yy
106    @ar
200 1  @a家畜解剖图谱@9Jia;Jie Xu;Chu Jie;Xie Pou Tu Pu @f安徽农学院编绘
210    @a上海@c上海人民出版社@d1977
215    @a252页@d26cm
606 0  @a家畜-动物解剖学@x图谱
606 0  @a动物解剖学-家畜@x图谱
690    @aS852.1-64@v3
711 02 @a安徽农学院@9an hui nong xue yuan@4编绘
801  0 @aCN@bAzMarc@c20130904
905    @aBZT@dS852.1@e50@f2@sS852.1/50
    
    家畜解剖图谱/安徽农学院编绘.-上海:上海人民出版社,1977
    252页;26cm
    
    
    ISBN 16171.207:CNY2.05
    
●
相关链接 在五车中查询图书 在当当中查询图书 在豆瓣中查询图书


正题名:家畜解剖图谱     索取号:S852.1/50         预约/预借

序号 登录号 条形码 馆藏地/架位号 状态 备注
1 2000079257   2000079257   旧书回溯/ [索取号:S852.1/50] 在馆    
2 2000114861   2000114861   旧书回溯/ [索取号:S852.1/50] 在馆    
山东省滨州职业学院图书馆 欢迎您!
大连网信软件有限公司© 版权所有